000 00546nam a2200193Ia 4500
005 20250923144809.0
008 008 250917s9999 xx 000 0 eng d
037 _aTextual
040 _aDSWL
_beng
_cDSWL
041 _aeng
_2eng
084 _aY31-73(Q2).262, N13
_qDSWL
100 _aGanguli, T.N.
_9828528
245 0 _aSvarnalata
_cby T.N. Ganguli
260 _aCalcutta
_bManmodernLibrary
_c1913
365 _aINR
_b8
925 _g8
942 _cTEXL
_hY31-73(Q2).262, N13
999 _c1443467
_d1443467